Catálogo público

Economía de las Empresas Industriales / (Record no. 172848)

MARC details
000 -CABECERA
campo de control de longitud fija 00810nam a2200229Ia 4500
001 - NÚMERO DE CONTROL
campo de control dia_2326
003 - IDENTIFICADOR DEL NÚMERO DE CONTROL
campo de control CHAP
005 - FECHA Y HORA DE LA ÚLTIMA TRANSACCIÓN
campo de control 20251021145305.0
008 - DATOS DE LONGITUD FIJA--INFORMACIÓN GENERAL
campo de control de longitud fija 220117s1953 xx 000 0 und d
010 ## - NÚMERO DE CONTROL DE LA BIBLIOTECA DEL CONGRESO
Número de control de LC 172848
040 ## - FUENTE DE LA CATALOGACIÓN
Centro/agencia transcriptor CHAP
082 ## - NÚMERO DE LA CLASIFICACIÓN DECIMAL DEWEY
Número de clasificación 658 R37
100 ## - ENTRADA PRINCIPAL--NOMBRE DE PERSONA
Nombre de persona Rautenstrauch, Walter
9 (RLIN) 94760
245 ## - MENCIÓN DE TÍTULO
Título Economía de las Empresas Industriales /
Mención de responsabilidad, etc. por Walter Rautenstrauch y Raymond Villers
260 ## - PUBLICACIÓN, DISTRIBUCIÓN, ETC.
Lugar de publicación, distribución, etc. México :
Nombre del editor, distribuidor, etc. Fondo de Cultura Económica,
Fecha de publicación, distribución, etc. 1953
300 ## - DESCRIPCIÓN FÍSICA
Extensión 510 p.
600 ## - PUNTO DE ACCESO ADICIONAL DE MATERIA--NOMBRE DE PERSONA
Nombre de persona 1.Administración/ 2.Industrias-administración/ 3.Industrias-organización, control, etc./ 4.Fábricas-dirección/ 5.Economía del trabajo. I.Villers, Raymond.II.
9 (RLIN) 152585
901 ## - ELEMENTOS DE DATOS A LOCAL LDA (RLIN)
a 658 R37
902 ## - ELEMENTOS DE DATOS B LOCAL, LDB (RLIN)
a M
905 ## - ELEMENTOS DE DATOS E LOCAL, LDE (RLIN)
a 0000001953 MEXX 0000000000ESP00
942 ## - ELEMENTOS DE PUNTO DE ACCESO ADICIONAL (KOHA)
Tipo de ítem Koha Libro
Fuente del sistema de clasificación o colocación Dewey Decimal Classification
Holdings
Estado de retiro Estado de pérdida Fuente del sistema de clasificación o colocación Estado dañado Restricciones de uso No para préstamo Código de colección Localización permanente Ubicación/localización actual Fecha de adquisición Fuente de adquisición Total de préstamos Signatura topográfica completa Código de barras Fecha visto por última vez Fecha del último préstamo Número de copia Tipo de ítem Koha
    Dewey Decimal Classification   Préstamo interno   General Ingenieria Agroindustrial Ingenieria Agroindustrial 24/01/1975 Compra Vale 289 (24-1-1975) 1 658 R37 dia_716 07/04/2026 07/04/2026 Ej. 1 Libro